Costa Rica en el segundo año de Esquipulas II: lucha social y política exterior

Sábháilte in:
Sonraí bibleagrafaíochta
Príomhchruthaitheoir: Sojo Obando, Carlos
Formáid: Téacs
Foilsithe / Cruthaithe: San Juan: CEPAS. FLACSO
Clibeanna: Cuir clib leis
Níl clibeanna ann, Bí ar an gcéad duine le clib a chur leis an taifead seo!

MARC

LEADER 00000 a a2200000 04500
001 24180
003
040
090 |a 172100  
100 |a Sojo Obando, Carlos  
245 |a Costa Rica en el segundo año de Esquipulas II: lucha social y política exterior  
260 |a San Juan:   |b CEPAS. FLACSO  
300 |a 22 p.  
999 |c 11954  |d 11954